UBT Library

Introduction to criminal justice / (Record no. 846)

000 -LEADER
fixed length control field 00524nam a22001817a 4500
008 - FIXED-LENGTH DATA ELEMENTS--GENERAL INFORMATION
fixed length control field 150520b xxu||||| |||| 00| 0 eng d
020 ## - INTERNATIONAL STANDARD BOOK NUMBER
International Standard Book Number 9780073379937
041 0# - LANGUAGE CODE
Language code of text/sound track or separate title eng
080 ## - UNIVERSAL DECIMAL CLASSIFICATION NUMBER
Universal Decimal Classification number 343
100 1# - Rafti
Rafti Bohm, Robert M.
245 10 - TITLE STATEMENT
Title Introduction to criminal justice /
Statement of responsibility, etc Robert M. Bohm, Keith N. Haley.
250 ## -
-- 5th ed.
260 ## -
-- Boston :
-- McGraw-Hill Higher Education,
-- c2008.
300 ## -
-- 1 v. (various pagings) :
-- me il.;
-- 29 cm.
650 #0 -
-- E drejta Penale
700 1# -
-- Haley, Keith N.
942 ## - ADDED ENTRY ELEMENTS (KOHA)
Source of classification or shelving scheme
Item type Books
Holdings
Withdrawn status Lost status Source of classification or shelving scheme Damaged status Not for loan Collection code Permanent location Current location Shelving location Date acquired Total Checkouts Full call number Barcode Date last seen Price effective from Koha item type
          Koleksioni i përgjithshem UBT - Lipjan UBT - Lipjan Koleksioni i përgjithshem 05/02/2017   343.9 BOH 002-283616 05/02/2017 05/02/2017 Books
UBT Library © 2015-2024. All rights reserved University Education for Business and Technology